How Well Do You Know English? - Statistics

General Stats
  • This quiz has been taken 105 times
  • The average score is 5 of 10
Answer Stats
Question Answer % Correct
Which of these languages was a base for English? Latin
100%
Which of these words means the same thing as a much shorter word referring to inhaling fine ash and/or dust. Pneumonoultramicroscopicsilicovolcanoconiosis
80%
What is the most common word in the English language? The
70%
Can you make a sentence without the letter a? Yes
70%
What is the most-used letter in English? E
50%
How many English words are there in use? About 170,000
40%
How many letters are in the longest English word? 189,819
30%
How many words are there in English that are not being used? About 47,000
20%
What is the least-used letter in English? Z
20%
How long does it take to say the longest word in English? 2-3 hours
10%
No matching quizzes found
Score Distribution
Percent of People with Each Score
Percentile by Number Answered
Your Score History
You have not taken this quiz